| 000 | 00314nam a22001217a 4500 | ||
|---|---|---|---|
| 040 | _cNUST | ||
| 082 |
_a297.63 _bMUH |
||
| 100 |
_a Maulana Muhammad Zakariyya Kandhlawi (Rah) _9125170 |
||
| 245 | _aFazail E Amaal | ||
| 260 |
_aLahore: _bJahangir Book Depot, _c2002. |
||
| 650 |
_aislamic _9125151 |
||
| 942 |
_2ddc _cBK |
||
| 999 |
_c610954 _d610954 |
||